| Tag |
First Indicator |
Second Indicator |
Subfields |
| LEADER |
00000cam a2200000I 4500 |
| 001 |
in00000066561 |
| 005 |
20151007083625.0 |
| 008 |
720307s1961 nju b 000 0 eng |
| 010 |
|
|
|a 61007404
|
| 015 |
|
|
|a GB61-18885
|
| 029 |
1 |
|
|a UKM
|b b6118885
|
| 029 |
1 |
|
|a NLGGC
|b 841962952
|
| 029 |
1 |
|
|a NZ1
|b 6453895
|
| 035 |
|
|
|a (OCoLC)ocm00256202
|
| 035 |
|
|
|a (OCoLC)00256202
|
| 035 |
|
|
|9 AAF9639AM
|
| 035 |
|
|
|a (OCoLC)256202
|
| 040 |
|
|
|a DLC
|c YNG
|d OCL
|d SER
|d UKM
|d OCLCQ
|d BAKER
|d TXA
|d UtOrBLW
|
| 043 |
|
|
|a n-us---
|
| 049 |
|
|
|a TXAM
|
| 050 |
0 |
0 |
|a E310.7
|b .G5
|
| 082 |
0 |
|
|a 327.73
|
| 090 |
|
|
|a E310.7
|b .G5 1961
|
| 100 |
1 |
|
|a Gilbert, Felix,
|d 1905-1991.
|
| 245 |
1 |
0 |
|a To the Farewell address ;
|b ideas of early American foreign policy.
|
| 264 |
|
1 |
|a Princeton, N.J. :
|b Princeton University Press,
|c 1961.
|
| 300 |
|
|
|a 173 pages ;
|c 23 cm.
|
| 336 |
|
|
|a text
|b txt
|2 rdacontent
|
| 337 |
|
|
|a unmediated
|b n
|2 rdamedia
|
| 338 |
|
|
|a volume
|b nc
|2 rdacarrier
|
| 504 |
|
|
|a Includes bibliographical references.
|
| 651 |
|
0 |
|a United States
|x Foreign relations.
|
| 600 |
1 |
0 |
|a Washington, George,
|d 1732-1799.
|t Farewell address.
|
| 938 |
|
|
|a Baker & Taylor
|b BKTY
|c 22.95
|d 22.95
|i 0691005745
|n 0000018664
|s active
|
| 994 |
|
|
|a C0
|b TXA
|
| 999 |
|
|
|a MARS
|
| 999 |
f |
f |
|s e2d43702-28b0-3592-be88-0ecf2af3fa1b
|i 9476b2a6-9491-3ce3-bc0d-f0616aeaffbe
|t 0
|
| 952 |
f |
f |
|p normal
|a Texas A&M University
|b College Station
|c Sterling C. Evans Library
|d Evans: Library Stacks
|t 0
|e E310.7 .G5 1961
|h Library of Congress classification
|i unmediated -- volume
|m A14800678088
|
| 998 |
f |
f |
|a E310.7 .G5 1961
|t 0
|l Evans: Library Stacks
|